| 000 | 00792cam a22002773a 4500 | ||
|---|---|---|---|
| 001 | 25021 | ||
| 003 | PGUSA | ||
| 005 | 20140828083534.0 | ||
| 008 | 080408s2008||||xxu|||||s|||||000 | eng d | ||
| 040 |
_aPGUSA _beng |
||
| 042 | _adc | ||
| 050 | 4 | _aPZ | |
| 245 | 1 | 0 |
_aBattle of the Monkey and the Crab _h[electronic resource] / _cAnonymous |
| 260 |
_bProject Gutenberg, _c2008 |
||
| 506 | _aPublic domain in the USA. | ||
| 516 | _aElectronic text | ||
| 653 | _aFolklore -- Japan | ||
| 653 | _aFairy tales -- Japan | ||
| 700 | 1 |
_aEitaku, _d1843-1890 |
|
| 700 | 1 |
_aThompson, David, _d1835- |
|
| 740 | 0 | _aBattle of the Monkey and the Crab | |
| 740 | 0 | _aSarukani kassen. English | |
| 830 | 0 |
_aProject Gutenberg _v25021 |
|
| 856 | 4 | 0 | _uhttp://www.gutenberg.org/ebooks/25021 |
| 942 | _cEB | ||
| 999 |
_c254276 _d254276 |
||